000 00332nam a22001457a 4500
008 221202b ||||| |||| 00| 0 eng d
020 _a9781496300232
041 _aeng
080 _2TENTH EDITION
_a610.73
082 _a610.73 POL
100 _a8
101 _aINF
245 _aNURSING RESEARCH
_cPOLIT F D
942 _2udc
_cBK
999 _c59075
_d59075